| 000 | 00511nam a22001817a 4500 | ||
|---|---|---|---|
| 999 |
_c188450 _d188450 |
||
| 005 | 20220523155346.0 | ||
| 010 | _aENG-132782 | ||
| 020 |
_a978-81-88699-28-5 _c150.00 |
||
| 035 | _aEN-116314 | ||
| 037 | _bDBAD/PUB | ||
| 082 | _a881 | ||
| 100 | _aPeeran, S.L. | ||
| 245 |
_aEternal Quest/ _cS.L.Peeran |
||
| 260 |
_aBangalore _bBizz Buzz _c2014 |
||
| 270 |
_a# 2, 1st cross, Kalidas Layour, Srinagar _bBangalore _e560050 |
||
| 300 |
_axvii,110p. _c21cm(pbk) |
||
| 942 |
_2ddc _cEN _h881 _mPEE |
||